|
|
|
|
| LEADER |
00000nam0a2200000 4500 |
| 001 |
48406 |
| 005 |
20231031031513.0 |
| 035 |
|
|
|a (RuTPU)RU\TPU\book\50702
|
| 090 |
|
|
|a 48406
|
| 100 |
|
|
|a 20030318d1976 k y0rusy50 ca
|
| 101 |
0 |
|
|a rus
|
| 102 |
|
|
|a RU
|
| 105 |
|
|
|a a z 001zy
|
| 200 |
1 |
|
|a Источники низкоэнергетического излучения в неразрушающем контроле
|f С. В. Румянцев, Е. Е. Кулиш, О. И. Борисов
|
| 210 |
|
|
|a Москва
|c Атомиздат
|d 1976
|
| 215 |
|
|
|a 128 с.
|c ил.
|
| 320 |
|
|
|a Библиогр.: с. 125-126
|
| 610 |
1 |
|
|a дефектоскопия
|
| 610 |
1 |
|
|a дефектоскопия радиационная
|
| 610 |
1 |
|
|a ионизирующие излучения
|
| 610 |
1 |
|
|a промышленность
|
| 610 |
1 |
|
|a защита
|
| 610 |
1 |
|
|a рентгеновские аппараты
|
| 675 |
|
|
|a 620.179.15
|v 3
|
| 700 |
|
1 |
|a Румянцев
|b С. В.
|g Степан Васильевич
|
| 701 |
|
1 |
|a Кулиш
|b Е. Е.
|g Евгений Емельянович
|
| 701 |
|
1 |
|a Борисов
|b О. И.
|g Олег Иванович
|
| 801 |
|
1 |
|a RU
|b 63413507
|c 20030318
|g PSBO
|
| 801 |
|
2 |
|a RU
|b 63413507
|c 20130527
|g PSBO
|
| 942 |
|
|
|c BK
|